logo

Bir Sreshtho Munshi Abdur Rouf Library
Jhenaidah Cadet College

The Effective Executive / (Record no. 803)

MARC details
000 -LEADER
fixed length control field 00572nam a2200229 a 4500
001 - CONTROL NUMBER
JCCL Control Number 803
003 - CONTROL NUMBER IDENTIFIER
JCCL marc code BD-JhCC
005 - DATE AND TIME OF LATEST TRANSACTION
control field 20220803134023.0
008 - FIXED-LENGTH DATA ELEMENTS--GENERAL INFORMATION
fixed length control field 171010s2006 nyu |||| || | 001 0 eng d
020 ## - INTERNATIONAL STANDARD BOOK NUMBER
International Standard Book Number 0060516070
035 ## - SYSTEM CONTROL NUMBER
system control number (BD-JhCC)803
040 ## - CATALOGING SOURCE
Original cataloging agency BD-JhCC
Modifying agency BD-JhCC
041 ## - LANGUAGE CODE
Language code of Book eng
082 ## - DEWEY DECIMAL CLASSIFICATION NUMBER
Classification number 658.4
Author mark and Year DRU 2006
100 ## - MAIN ENTRY--PERSONAL NAME
Personal name Drucker, Peter F.
245 ## - TITLE STATEMENT
Title The Effective Executive /
Statement of responsibility, etc Peter F. Drucker,
260 ## - PUBLICATION, DISTRIBUTION, ETC. (IMPRINT)
Place of publication, distribution, etc New York :
Name of publisher, distributor, etc Harper Business ;
Date of publication, distribution, etc 2006
300 ## - PHYSICAL DESCRIPTION
Pagination 178 p.;
Dimensions 20cm.
650 ## - SUBJECT ADDED ENTRY--TOPICAL TERM
Topical term or geographic name as entry element Decision Making
942 ## - ADDED ENTRY ELEMENTS (KOHA)
Source of classification or shelving scheme Dewey Decimal Classification
Koha item type Books
Koha issues (borrowed), all copies 2
Holdings
Source of classification or shelving scheme Damaged status Not for loan Home library Current library Shelving location Total Checkouts Full call number Barcode Date last seen Date checked out Copy number Koha item type
Dewey Decimal Classification     JCC Rouf Library JCC Rouf Library General Stacks 2 658.4 DRU 2006 1755 11/24/2022 08/02/2022 C-1 Books

JCC Library | Contacts | JCC Home

Last Update on 23 September 2017
Copyright @ 2017-2020 JCC Rouf Library
Rouf Library, Jhenidah Cadet College (JCC), Bangladesh